Top 30 : Tiakola - Statistiques

Statistiques générales
  • Ce quiz a été pris 783 fois
  • Le résultat moyen est 18 sur 30
Statistiques - réponses
Top Titres Featuring % Correct
1 Meuda
91%
5 Meridian Dave
85%
17 PONA NINI Genezio, Prototype
80%
4 Gasolina Rsko
79%
29 1h55 Rsko, Hamza
74%
3 MAMI WATA Gazo
74%
7 MD 4Keus, Niska
73%
26 Cadeau Aya Nakamura
68%
2 FLEURS Gazo
68%
9 MANON B Ryflo, Oskoow
68%
24 Special Dave
68%
23 Atasanté Hamza
65%
8 Dieu merci Dadju
64%
28 Roro SDM
64%
22 NOTRE DAME Gazo
59%
6 P A S C O M M E Ç A Tayc
59%
20 CARTIER Gazo
58%
25 Pousse toi Booska-P
58%
15 TOUTE LA JOURNÉE Zola
58%
12 KASSAV Gazo
57%
21 Pololo MHD
56%
14 Mode AV Niska, Gazo
55%
11 Mapessa Leto
51%
30 Quand j'y repense Mig
48%
27 Mardi gras Maes, Zed
43%
18 Tout seul Werenoi
43%
19 Redescends SDM
39%
13 La clé
37%
10 M3lo
37%
16 Si j'savais
37%
Aucun quiz correspondant
Distribution des résultats
% des personnes avec chaque résultat
Percentile par nombre de réponses
Votre historique - résultats
Vous n’avez pas pris ce quiz